| 000 | 00511cam a2200169 a 4500 | ||
|---|---|---|---|
| 001 | 2125123 | ||
| 005 | 20250218115833.0 | ||
| 008 | 970603s1998 miu b 001 0deng | ||
| 020 | _a0802838448 (cloth : alk. paper) | ||
| 050 | 0 | 0 |
_aBS2651 _b.D84 1998 |
| 082 | 0 | 0 |
_a227/.092 _221 |
| 100 | 1 |
_aDunn, James D. G., _d1939- |
|
| 245 | 1 | 4 |
_aThe theology of Paul the Apostle / _cJames D.G. Dunn. |
| 260 |
_aGrand Rapids, Mich. : _bW.B. Eerdmans Pub., _cc1998. |
||
| 300 |
_axxxvi, 808 p. ; _c24 cm. |
||
| 942 |
_2lcc _cBK _n0 |
||
| 999 |
_c3928 _d3928 |
||